| 000 | 00658nam a2200217Ia 4500 | ||
|---|---|---|---|
| 005 | 20260429112028.0 | ||
| 008 | 260429s9999||||xx |||||||||||||| ||und|| | ||
| 020 | _a9781032188430 | ||
| 041 | _aEnglish | ||
| 082 |
_a658.3008 _bTRI |
||
| 100 | _aTriana, Maria | ||
| 245 | 0 |
_aManaging diversity in organizations : _ba global perspective on equality, diversity, and inclusion / _cMaria Triana |
|
| 250 | _a2nd ed. | ||
| 260 |
_aUnited Kingdom : _bRoutledge, _c2025. |
||
| 300 | _aviii, 506 p.; pbk | ||
| 650 | _a Human resource management | ||
| 650 | _a Personnel management | ||
| 650 | _a Workplace diversity | ||
| 650 | _aManagement | ||
| 942 | _cTB | ||
| 999 |
_c51978 _d51978 |
||